Predict market swings with technical analysis / (Record no. 345515)
[ view plain ]
| 000 -LEADER | |
|---|---|
| fixed length control field | 02275 a2200205 4500 |
| 020 ## - INTERNATIONAL STANDARD BOOK NUMBER | |
| International Standard Book Number | 0471205966 |
| 020 ## - INTERNATIONAL STANDARD BOOK NUMBER | |
| International Standard Book Number | 9780471205968 |
| 082 04 - DEWEY DECIMAL CLASSIFICATION NUMBER | |
| Classification number | 332.63222 |
| 090 ## - LOCALLY ASSIGNED LC-TYPE CALL NUMBER (OCLC); LOCAL CALL NUMBER (RLIN) | |
| -- | 3025 |
| -- | 3025 |
| 100 1# - MAIN ENTRY--PERSONAL NAME | |
| Personal name | McDonald, Michael. |
| 245 10 - TITLE STATEMENT | |
| Title | Predict market swings with technical analysis / |
| Statement of responsibility, etc. | Michael McDonald. |
| 250 ## - EDITION STATEMENT | |
| Edition statement | 1st ed. |
| 260 ## - PUBLICATION, DISTRIBUTION, ETC. | |
| Place of publication, distribution, etc. | [S.l.] : |
| Name of publisher, distributor, etc. | Wiley, |
| Date of publication, distribution, etc. | 2002. |
| 300 ## - PHYSICAL DESCRIPTION | |
| Extent | 288 p. ; |
| Dimensions | 24 cm. |
| 500 ## - GENERAL NOTE | |
| General note | Hardcover. |
| 520 ## - SUMMARY, ETC. | |
| Summary, etc. | Predict Market Swings with Technical Analysis How do professionals on Wall Street earn a living each year by predicting stock prices when efficient market theory claims that stock prices are essentially random and unpredictable? The answer is simple–by using techniques that allow for a stock market that can at times become predictable. In Predict Market Swings with Technical Analysis, Wall Street financial consultant and market analyst Michael McDonald shows you how to navigate the turbulent ups and downs of the market and come out with significant profits. This comprehensive trading guide will teach you how to trade the swings of the market by gaining a clear and accurate picture of it. Predict Market Swings with Technical Analysis contains: A trading model that is more accurate than the efficient market model and is closer to the ideas most traders have of the market Proven indicators–such as contrary opinion–that will allow you to find the beginning and end of major swings New discoveries in chaos theory that help explain the fractal nature of stock price charts Four investing paradoxes that will help you make smarter investment decisions A broad outline of the possible pattern the market will make during its projected sideways run and a presentation of McDonald’s studies on strategies for sideways markets in anticipation of this period With an innovative approach to trading the stock market, Predict Market Swings with Technical Analysis gives you the knowledge, insight, and confidence to predict market swings and trade for maximum p |
| 856 ## - ELECTRONIC LOCATION AND ACCESS | |
| Materials specified | Amazon.com |
| Uniform Resource Identifier | <a href="http://www.amazon.com/exec/obidos/ASIN/0471205966/chopacon">http://www.amazon.com/exec/obidos/ASIN/0471205966/chopacon</a> |
| 856 ## - ELECTRONIC LOCATION AND ACCESS | |
| Materials specified | Amazon customer reviews |
| Uniform Resource Identifier | <a href="http://www.chopac.org/cgi-bin/tools/azrev.pl?q=047">http://www.chopac.org/cgi-bin/tools/azrev.pl?q=047</a> |
| 942 ## - ADDED ENTRY ELEMENTS (KOHA) | |
| Institution code [OBSOLETE] | NBS |
| Koha item type | Book |
| Call number prefix | 332.632042 MCD |
| Withdrawn status | Lost status | Damaged status | Not for loan | Permanent Location | Current Location | Date acquired | Total Checkouts | Full call number | Barcode | Date last seen | Date last checked out | Price effective from | Koha item type | Total Renewals |
|---|---|---|---|---|---|---|---|---|---|---|---|---|---|---|
| Central Library (CL) | Central Library (CL) | 08/28/2013 | 1 | 332.632042 MCD | NBSD-241 | 11/22/2017 | 08/08/2017 | 08/28/2013 | Book | |||||
| Central Library (CL) | Central Library (CL) | 08/28/2013 | 4 | 332.632042 MCD | NBSD-242 | 06/03/2024 | 04/15/2024 | 08/28/2013 | Book | 4 | ||||
| Central Library (CL) | Central Library (CL) | 08/28/2013 | 1 | 332.632042 MCD | NBSD-240 | 11/22/2017 | 08/08/2017 | 08/28/2013 | Book |
